Statistiques concernant Capitales commençant par P

Cliquez ici pour prendre le quiz!

Statistiques générales

  • Ce quiz a été pris 542 fois
    (459 depuis la dernière actualisation)
  • Le résultat moyen est 11 sur 19

Statistiques - réponses

Capitales% Correct
Paris
95%
Panama
75%
Pékin
73%
Prague
73%
Pristina
67%
Port au Prince
63%
Paramaribo
58%
Podgorica
57%
Porto Novo
57%
Pretoria
57%
Port Moresby
55%
Port Louis
54%
Pyongyang
54%
Phnom Penh
51%
Praia
50%
Port d'Espagne
49%
Port Vila
44%
Palikir
35%
La Paz
23%

Distribution des résultats

Percentile par nombre de réponses

% des personnes avec chaque résultat

Votre développement - résultats

Vous n’avez pas pris ce quiz depuis la dernière actualisation